Statistics for 154 Greatest Rock Keyboardists and Pianists of All Time

Click here to take the quiz!

General Stats

  • This quiz has been taken 32 times
  • The average score is 28 of 157

Answer Stats

HintAnswer% Correct
104. Rocket ManElton John
85%
1. _______, Lake, and PalmerKeith Emerson
85%
123. The BeatlesPaul McCartney
81%
105. Piano ManBilly Joel
70%
120. QueenFreddie Mercury
59%
139. Fleetwood MacChristine McVie
52%
56. Led ZeppelinJohn Paul Jones
52%
2. YesRick Wakeman
52%
12. The M.G'sBooker T. Jones
48%
135. The Beach BoysBrian Wilson
48%
50. SoloHoward Jones
48%
99. His Earth BandManfred Mann
48%
9. TrafficSteve Winwood
48%
7. The Beatles - Let It BeBilly Preston
44%
141. ColdplayChris Martin
44%
14. Allman Brothers BandGregg Allman
44%
101. The KillerJerry Lee Lewis
44%
4. The DoorsRay Manzarek
44%
5. Pink FloydRichard Wright
44%
100. EurythmicsDavid A. Stewart
41%
82. SoloGary Wright
41%
116. The Rolling StonesIan Stewart
41%
3. Deep PurpleJon Lord
41%
110. SoloHuey "Piano" Smith
37%
112. The RangeBruce Hornsby
33%
118. Architect of Rock and RollLittle Richard
33%
55. The Doobie BrothersMichael McDonald
33%
43. SoloStevie Wonder
33%
70. Left Banke, Stories, MontageMichael Brown
30%
136. SoloCarly Simon
26%
22. StyxDennis De Young
26%
115. Procol HarumGary Brooker
26%
71. SqueezeJools Holland
26%
103. The GeniusRay Charles
26%
111. Genesis, Solo | 6. GenesisTony Banks
26%
19. U2 - The Joshua TreeBrian Eno
22%
107. SoloFats Domino
22%
46. Yes, AsiaGeoff Downes
22%
18. Santana, JourneyGregg Rolie
22%
16. Miami Vice ThemeJan Hammer
22%
48. The Moody Blues, YesPatrick Moraz
22%
10. Blood Sweat & TearsAl Kooper
19%
42. The HeartbreakersBenmont Tench
19%
35. Lynyrd SkynyrdBilly Powell
19%
28. The BandGarth Hudson
19%
122. SoloJoe Jackson
19%
44. JourneyJonathan Cain
19%
80. Nine Inch NailsTrent Reznor
19%
54. The AnimalsAlan Price
15%
81. The Guess WhoBurton Cummings
15%
121. SoloCarole King
15%
31. Frank ZappaGeorge Duke
15%
131. Mott the HoopleIan Hunter
15%
129. The Velvet UndergroundJohn Cale
15%
137. SoloJohn Legend
15%
36. Dream TheaterKevin Moore
15%
47. SoloLeon Russell
15%
74. REO SpeedwagonNeal Doughty
15%
132. SqueezePaul Carrack
15%
66. ChicagoRobert Lamm
15%
8. The Zombies, ArgentRod Argent
15%
33. Elvis CostelloSteve Nieve
15%
Honorable Mention: BostonTom Scholz
15%
58. YesTony Kaye
15%
152. SoloAlicia Keys
11%
63. Talking Heads, FunkadelicBernie Worrell
11%
153. R&B and Jazz Solo ArtistBrenda Russell
11%
85. Joe Cocker's Grease BandChris Stainton
11%
45. Allman Brothers Band, The Rolling StonesChuck Leavell
11%
109. SoloDr. John
11%
30. The Rolling Stones, Small FacesIan McLagan
11%
69. SoloIsaac Hayes
11%
Honorable Mention: Layla/ Studio MusicianJim Gordon
11%
84. Jethro TullJohn Evan
11%
20. Dream Theater, The DregsJordan Rudess
11%
40. SoloLee Michaels
11%
52. MuseMatt Bellamy
11%
51. The Moody BluesMike Pinder
11%
17. The Rolling Stones, Jeff BeckNicky Hopkins
11%
78. CamelPeter Bardens
11%
102. FessProfessor Longhair
11%
108. SoloRandy Newman
11%
21. Electric Light OrchestraRichard Tandy
11%
87. SupertrampRick Davies
11%
65. Faith No MoreRoddy Bottum
11%
88. Todd Rundgren, David BowieRoger Powell
11%
79. The Grateful DeadRon "Pigpen" McKernan
11%
119. E Street Band | 60. E Street BandRoy Bittan
11%
147. SoloSarah McLachlan
11%
140. SoloVan Dyke Parks
11%
32. Frank ZappaAllan Zavod
7%
53. Pere UbuAllen Ravenstine
7%
94. SoloArt Neville
7%
25. Bob Dylan, Electric FlagBarry Goldberg
7%
59. Little FeatBill Payne
7%
72. Derek and the DominosBobby Whitlock
7%
57. Peter FramptonBob Mayo
7%
67. GoblinClaudio Simonetti
7%
148. SoloDan Fogelberg
7%
Honorable Mention: Bon JoviDavid Bryan
7%
128. SkylarkDavid Foster
7%
64. RainbowDavid Rosenthal
7%
29. Springsteen, Santana, StingDavid Sancious
7%
37. Dream TheaterDerek Sherinian
7%
86. Eric Clapton, Bob SegerDick Sims
7%
27. Rainbow, Ozzy, Deep PurpleDon Airey
7%
93. SoloEdgar Winter
7%
91. The RascalsFelix Cavaliere
7%
13. The Mothers of InventionIan Underwood
7%
83. Rat Dog, The DeadJeff Chimenti
7%
23. Yngwie MalmsteenJens Johansen
7%
38. Three Dog NightJimmy Greenspoon
7%
144. Five for FightingJohn Ondrasik
7%
39. Pink Floyd, Roger WatersJon Carin
7%
49. TriumviratJurgen Fritz
7%
41. Uriah HeepKen Hensley
7%
24. KansasKerry Livgren
7%
76. The Wrecking CrewLarry Knechtel
7%
124. Barbra Streisand, 5th DimensionLaura Nyro
7%
97. MarillionMark Kelly
7%
89. YesMark Mancina
7%
90. Vanilla FudgeMark Stein
7%
11. Procol HarumMatthew Fisher
7%
34. Jeff BeckMax Middleton
7%
68. Symphony XMichael Pinella
7%
75. David BowieMike Garson
7%
73. Soft MachineMike Ratledge
7%
125. SoloNeil Sedaka
7%
92. PhishPage McConnell
7%
77. Paul McCartneyPaul "Wix" Wickens
7%
142. The Olympic RunnersPete Wingfield
7%
61. Paul Simon, Peter Gabriel, James BrownRichard Tee
7%
96. The CureRoger O'Donnell
7%
154. Soundtrack Solo ArtistRufus Wainwright
7%
98. Spock's BeardRyo Okumoto
7%
150. This is me SmilingSheldon Miller
7%
117. SoloSpooner Oldham
7%
26. The DregsT. Lavitz
7%
134. SoloTom Waits
7%
15. Jeff BeckTony Hymas
7%
62. SoloTony MacAlpine
7%
126. SoloTori Amos
7%
95. Arthur BrownVincent Crane
7%
106. SoloAmos Milburn
4%
114. SoloBen Folds
4%
151. SoloDelta Goodrem
4%
149. SoloEd Harcourt
4%
113. SoloEsquerita
4%
127. The Rolling Stones, Neil Young, Phil SpectorJack Nitzsche
4%
133. SoloJim Dickinson
4%
138. UtopiaMark "Moogy" Klingman
4%
143. SoloMatt Rollings
4%
145. SoloRuss Conway
4%
146. KeaneTim Rice-Oxley
4%
130. SoloWarren Zevon
4%

Score Distribution

Percentile by Number Answered

Percent of People with Each Score

Your Score History

You have not taken this quiz